<?xml version="1.0" encoding="UTF-8"?>
<record
    xmlns:xsi="http://www.w3.org/2001/XMLSchema-instance"
    xsi:schemaLocation="http://www.loc.gov/MARC21/slim http://www.loc.gov/standards/marcxml/schema/MARC21slim.xsd"
    xmlns="http://www.loc.gov/MARC21/slim">

  <leader>00697nam a22002177a 4500</leader>
  <controlfield tag="003">OSt</controlfield>
  <controlfield tag="005">20140506082131.0</controlfield>
  <controlfield tag="008">130722t        xxu||||| |||| 00| 0 eng d</controlfield>
  <datafield tag="020" ind1=" " ind2=" ">
    <subfield code="a">9780199139408</subfield>
  </datafield>
  <datafield tag="050" ind1=" " ind2=" ">
    <subfield code="a">QA 11</subfield>
    <subfield code="b">.G795 2010</subfield>
  </datafield>
  <datafield tag="082" ind1=" " ind2=" ">
    <subfield code="a">TR 510</subfield>
    <subfield code="b">G795hp 2010</subfield>
  </datafield>
  <datafield tag="100" ind1=" " ind2=" ">
    <subfield code="a">Green, Christopher</subfield>
    <subfield code="9">2661</subfield>
  </datafield>
  <datafield tag="245" ind1=" " ind2=" ">
    <subfield code="a">Oxford GCSE maths for Edexcel : </subfield>
    <subfield code="b">higher - teacher's guide / </subfield>
    <subfield code="c">Christopher Green, Ian Bettison. </subfield>
  </datafield>
  <datafield tag="260" ind1=" " ind2=" ">
    <subfield code="a">Oxford : </subfield>
    <subfield code="b">Oxford University Press, </subfield>
    <subfield code="c">c2010.</subfield>
  </datafield>
  <datafield tag="300" ind1=" " ind2=" ">
    <subfield code="a">257 p. ;</subfield>
    <subfield code="b">ill. ;</subfield>
    <subfield code="c">30 cm.</subfield>
  </datafield>
  <datafield tag="562" ind1=" " ind2=" ">
    <subfield code="e">1</subfield>
  </datafield>
  <datafield tag="650" ind1=" " ind2=" ">
    <subfield code="a">Mathematics</subfield>
    <subfield code="x">Study and teaching (Secondary)</subfield>
    <subfield code="x">Great Britain</subfield>
    <subfield code="9">2662</subfield>
  </datafield>
  <datafield tag="700" ind1=" " ind2=" ">
    <subfield code="a">Green, Christopher</subfield>
    <subfield code="9">2663</subfield>
  </datafield>
  <datafield tag="942" ind1=" " ind2=" ">
    <subfield code="2">lcc</subfield>
    <subfield code="c">BK</subfield>
  </datafield>
  <datafield tag="999" ind1=" " ind2=" ">
    <subfield code="c">115784</subfield>
    <subfield code="d">115784</subfield>
  </datafield>
  <datafield tag="952" ind1=" " ind2=" ">
    <subfield code="0">0</subfield>
    <subfield code="1">0</subfield>
    <subfield code="2">lcc</subfield>
    <subfield code="4">0</subfield>
    <subfield code="a">LUX</subfield>
    <subfield code="b">LUX</subfield>
    <subfield code="c">TR</subfield>
    <subfield code="d">2014-05-06</subfield>
    <subfield code="l">1</subfield>
    <subfield code="m">2</subfield>
    <subfield code="o">QA 11 .G795 2010</subfield>
    <subfield code="p">19241</subfield>
    <subfield code="r">2015-04-11 00:00:00</subfield>
    <subfield code="s">2014-05-28</subfield>
    <subfield code="t">1</subfield>
    <subfield code="w">2014-05-06</subfield>
    <subfield code="y">BK</subfield>
  </datafield>
</record>
